England National Football Team Players: A - Statistics

General Stats
  • This quiz has been taken 20 times
  • The average score is 13 of 41
Answer Stats
Caps Goals First Cap Last Cap Player % Correct
66 5 1987 2000 Tony Adams
88%
6 0 2025 2025 Elliot Anderson
76%
2 0 1962 1962 Stan Anderson
76%
30 2 1978 1988 Viv Anderson
76%
1 0 1879 1879 Rupert Anderson
71%
5 0 1984 1988 Clive Allen
59%
30 7 1994 2001 Darren Anderton
59%
5 2 1952 1954 Ronnie Allen
59%
1 3 1888 1888 Albert Allen
53%
2 0 1933 1933 Jimmy Allen
53%
34 4 2018 2025 Trent Alexander-Arnold
53%
1 0 2008 2008 Dean Ashton
47%
3 0 1959 1959 Tony Allen
47%
1 0 1925 1925 Claude Ashton
41%
37 3 2015 2019 Dele Alli
41%
11 3 2017 2022 Tammy Abraham
41%
3 0 1980 1984 David Armstrong
35%
1 0 1933 1933 Johnny Arnold
35%
1 0 1955 1955 Ken Armstrong
35%
5 0 1969 1970 Jeff Astle
29%
43 0 1959 1966 Jimmy Armfield
29%
1 0 1902 1902 Walter Abbott
29%
5 1 1957 1958 Alan A'Court
24%
3 0 2008 2009 Gabriel Agbonlahor
24%
7 0 1885 1887 Herbie Arthur
24%
17 0 1948 1950 John Aston
24%
2 0 1888 1889 Albert Aldridge
12%
1 0 1925 1925 Billy Austin
12%
1 1 1875 1875 Charles Alcock
12%
3 0 1906 1906 Jimmy Ashcroft
12%
6 5 1955 1957 John Atyeo
6%
2 0 1885 1886 Andrew Amos
0%
5 0 1923 1925 Bill Ashurst
0%
12 3 1892 1900 Charlie Athersmith
0%
1 0 1925 1925 George Armitage
0%
1 0 1926 1926 George Ashmore
0%
2 1 1956 1956 Gordon Astall
0%
5 1 1929 1929 Hugh Adcock
0%
1 0 1923 1923 Jack Alderson
0%
1 0 1961 1961 John Angus
0%
1 0 1935 1935 Walter Alsford
0%
No matching quizzes found
Score Distribution
Percent of People with Each Score
Percentile by Number Answered
Your Score History
You have not taken this quiz